000 00325nam a2200133Ia 4500
008 240624s9999 xx 000 0 und d
041 _aeng
082 _a050 MM
100 _aMALAYALA MANORAMA
245 _aMANORAMA YEARBOOK 2016
250 _a(51th ed.)
260 _c2016
_aNew Delhi
_bMalayala Manorama
365 _cRS
_b30
999 _c27140
_d27140